Los radioisotopos en la clínica / (Record no. 34394)

MARC details
000 -LEADER
campo de control de longitud fija 00584nam a2200181 i 4500
001 - NÚMERO DE CONTROL
campo de control 34394
003 - IDENTIFICADOR DE NÚMERO DE CONTROL
campo de control ES-MaACL
005 - FECHA Y HORA DE LA ÚLTIMA TRANSACCIÓN
campo de control 20250129092359.0
007 - CAMPO FIJO DE DESCRIPCIÓN FÍSICA--INFORMACIÓN GENERAL
campo de control de longitud fija t|
008 - DATOS DE LONGITUD FIJA--INFORMACIÓN GENERAL
campo de control de longitud fija 030207s1953 sp ||||1| spa d
100 1# - ENTRADA PRINCIPAL--NOMBRE DE PERSONA
Nombre de persona Blanco Soler, C.,
Fechas asociadas al nombre 1894-1962
9 (RLIN) 29295
245 14 - MENCIÓN DEL TÍTULO
Título Los radioisotopos en la clínica /
Mención de responsabilidad, etc. Carlos Blanco Soler ; con la colaboración de José W. Otte.
260 ## - PUBLICACIÓN, DISTRIBUCIÓN, ETC.
Lugar de publicación, distribución, etc. Madrid :
Nombre del editor, distribuidor, etc. Paz Montalvo,
Fecha de publicación, distribución, etc. 1953 (
Fabricante Diana)
300 ## - DESCRIPCIÓN FÍSICA
Extensión 237 p. :
Otras características físicas il. ;
Dimensiones 34 cm.
700 1# - ENTRADA AGREGADA--NOMBRE PERSONAL
Nombre de persona Otte, José W.
9 (RLIN) 87945
852 ## - LOCALIZACIÓN
Ubicación ES-MaACL
Número de control de estantería C-5720
Sublocalización o colección R.34451
Holdings
Estatus retirado Estado de pérdida Estado de daño No para préstamo Biblioteca de origen Biblioteca actual Ubicación en estantería Fecha de adquisición Fuente de adquisición Total de préstamos Signatura topográfica completa Código de barras Visto por última vez Precio de reemplazo Tipo de ítem Koha
        Biblioteca del Ateneo de Madrid Biblioteca del Ateneo de Madrid Sala Palomar 17/01/2008     C-5720 1035873 23/02/2023 23/02/2023 Libro impreso